| 000 | 00507cam a22002174a 4500 | ||
|---|---|---|---|
| 005 | 20250605164324.0 | ||
| 008 | 250528s ||||||||||||||||||||||||d | ||
| 035 | _a22980 | ||
| 020 | _a9780750682718 | ||
| 040 |
_aGR-AtMCL _bgre _dGR-AtMCL _eAACR2 |
||
| 245 | 1 | _aSTRATEGIC MARKETING | |
| 250 | _a3 | ||
| 260 |
_bBH, _c2008 |
||
| 300 | _a332 | ||
| 700 | 1 |
_aAshford Ruth _98577 |
|
| 700 | 1 |
_aDrummond Graeme _98578 |
|
| 700 | 1 |
_aEnsor John _98579 |
|
| 942 | _cBK | ||
| 999 |
_c8022 _d8022 |
||